Generator Puzzle #6 - Statistics

General Stats
  • This quiz has been taken 20,360 times
  • The average score is 14 of 21
Answer Stats
Hint Answer % Correct
Operate a car Drive
97%
Beach granules Sand
94%
Remove facial hair, eg. Shave
92%
Conceal from view Hide
90%
Major credit card Visa
87%
Become less soft Harden
85%
Rabbit relative Hare
85%
Flower holder Vase
85%
Ambulance alarm Siren
81%
Disappear completely Vanish
78%
Large crow Raven
75%
Common canned fish Sardine
68%
Split with others Share
65%
Red root vegetable Radish
63%
Home to Hobbits Shire
57%
River in Cologne Rhine
56%
Dry as a desert Arid
53%
Deep, narrow gorge Ravine
50%
Conquer by military force Invade
36%
Offer suggestions Advise
31%
VARNISHED
17%
No matching quizzes found
Score Distribution
Percent of People with Each Score
Percentile by Number Answered
Your Score History
You have not taken this quiz